Statistics for Top 15 Countries with Covid-19 Cases - 9 September

Click here to take the quiz!

General Stats

  • This quiz has been taken 19 times
  • The average score is 15 of 23

Answer Stats

country% Correct
United States
100%
India
95%
United Kingdom
89%
Russia
84%
Brazil
79%
Spain
79%
Mexico
74%
Argentina
68%
Peru
68%
Colombia
63%
France
63%
Bangladesh
58%
Chile
58%
Chile
58%
South Africa
58%
Iran
53%
Bahrain
47%
Panama
47%
Qatar
47%
Armenia
42%
Israel
42%
Kuwait
42%
Oman
42%

Score Distribution

Percentile by Number Answered

Percent of People with Each Score

Your Score History

You have not taken this quiz